| 000 | nam a22 7a 4500 | ||
|---|---|---|---|
| 999 |
_c19339 _d19339 |
||
| 008 | 170116b xxu||||| |||| 00| 0 eng d | ||
| 020 | _a9780026427081 | ||
| 020 | _a0026427087 | ||
| 050 |
_aLB1115 _b.B75 2000 |
||
| 100 | _aBrisbane,Holly E. | ||
| 245 |
_aThe developing child : _b understanding children and parenting / _cHolly E. Brisbane |
||
| 250 | _a8th ed. | ||
| 260 |
_aNew York, N.Y. : _bGlencoe/McGraw-Hill, _c©2000. |
||
| 300 |
_a632p. : _bill. ; |
||
| 500 | _aincludes appendix and index. | ||
| 650 | _aChild Development | ||
| 942 |
_2lcc _cBOOKS _hLB1115 .B75 2000 |
||